000 00716nam a2200289Ia 4500
005 20260324125121.0
008 008 260324s9999 xx 000 0 eng d
020 _a9780203886717
037 _aEBOOK
040 _aCRL
040 _beng
040 _cCRL
041 _2eng
041 _aeng
084 _qCRL
100 _aRob Imrie; Mike Raco; Loretta Lees
_91176761
245 0 _aRegenerating London
245 0 _bGovernance, Sustainability and Community in a Global City
260 _bTaylor and Francis
260 _c2009
365 _a
365 _b290
856 _uhttp://www.taylorfrancis.com/books/9780203886717
942 _cEBOOK
999 _c1771727
_d1771727